Methods of statistical physics / (Record no. 8624)

MARC details
000 -LEADER
fixed length control field 00958cam a22002654a 4500
001 - CONTROL NUMBER
control field 12397809
003 - CONTROL NUMBER IDENTIFIER
control field OSt
005 - DATE AND TIME OF LATEST TRANSACTION
control field 20240618160746.0
008 - FIXED-LENGTH DATA ELEMENTS--GENERAL INFORMATION
fixed length control field 010503s2002 enka b 001 0 eng
010 ## - LIBRARY OF CONGRESS CONTROL NUMBER
LC control number 2001035650
020 ## - INTERNATIONAL STANDARD BOOK NUMBER
International Standard Book Number 0521580560
020 ## - INTERNATIONAL STANDARD BOOK NUMBER
International Standard Book Number 0521589584
040 ## - CATALOGING SOURCE
Original cataloging agency MUST
Transcribing agency MUST
082 00 - DEWEY DECIMAL CLASSIFICATION NUMBER
Classification number 530.13 TAN 2002
Edition number 20
100 1# - MAIN ENTRY--PERSONAL NAME
Personal name Tanaka, Tomoyasu,
9 (RLIN) 17472
245 10 - TITLE STATEMENT
Title Methods of statistical physics /
Statement of responsibility, etc. Tomoyasu Tanaka.
260 ## - PUBLICATION, DISTRIBUTION, ETC. (IMPRINT)
Place of publication, distribution, etc. Cambridge ;
-- New York :
Name of publisher, distributor, etc. Cambridge University Press,
Date of publication, distribution, etc. 2002.
300 ## - PHYSICAL DESCRIPTION
Extent xv, 293 p. :
Other physical details ill. ;
Dimensions 25 cm.
504 ## - BIBLIOGRAPHY, ETC. NOTE
Bibliography, etc Includes bibliographical references and index.
650 #0 - SUBJECT ADDED ENTRY--TOPICAL TERM
Topical term or geographic name as entry element Statistical physics.
9 (RLIN) 8058
856 41 - ELECTRONIC LOCATION AND ACCESS
Materials specified Sample text
Uniform Resource Identifier <a href="http://www.loc.gov/catdir/samples/cam033/2001035650.html">http://www.loc.gov/catdir/samples/cam033/2001035650.html</a>
856 42 - ELECTRONIC LOCATION AND ACCESS
Materials specified Publisher description
Uniform Resource Identifier <a href="http://www.loc.gov/catdir/description/cam021/2001035650.html">http://www.loc.gov/catdir/description/cam021/2001035650.html</a>
856 41 - ELECTRONIC LOCATION AND ACCESS
Materials specified Table of contents
Uniform Resource Identifier <a href="http://www.loc.gov/catdir/toc/cam021/2001035650.html">http://www.loc.gov/catdir/toc/cam021/2001035650.html</a>
942 ## - ADDED ENTRY ELEMENTS (KOHA)
Source of classification or shelving scheme Dewey Decimal Classification
Koha item type Open Shelf
Holdings
Withdrawn status Lost status Source of classification or shelving scheme Damaged status Not for loan Home library Current library Source of acquisition Inventory number Total Checkouts Full call number Barcode Date last seen Koha item type Date acquired Price effective from
    Dewey Decimal Classification     MUST Main Library MUST Main Library Donation 03/20417   530.13 TAN 2002 2024-20839 18/06/2024 Open Shelf    
    Dewey Decimal Classification     MUST Main Library MUST Main Library Purchase 2011/33049   530.13 TAN 2002 2024-21071 24/06/2024 Open Shelf 24/06/2024 24/06/2024